Normal view
MARC view
- D. Gordon E. Robertson
Entry Personal Name
001 - CONTROL NUMBER
- control field: 993
003 - CONTROL NUMBER IDENTIFIER
- control field: NUST
005 - DATE AND TIME OF LATEST TRANSACTION
- control field: 20170517155020.0
008 - FIXED-LENGTH DATA ELEMENTS
- fixed length control field: 170517|| aca||aabn | a|a d
040 ## - CATALOGING SOURCE
- Original cataloging agency: NUST
- Transcribing agency: NUST
100 ## - HEADING--PERSONAL NAME
- Personal name: D. Gordon E. Robertson
- Dates associated with a name: 1950-
- Relator term: author.
670 ## - SOURCE DATA FOUND
- Source citation: Work cat.: (NUST)0: D. Gordon E. Robertson 1950- author., Research methods in biomechanics /
